| 000 | 00463nam a2200169 i 4500 | ||
|---|---|---|---|
| 001 | 99426 | ||
| 003 | ES-MaACL | ||
| 005 | 20230906182509.0 | ||
| 007 | t| | ||
| 008 | 050908s1952 sp ||||1| spa d | ||
| 100 | 1 |
_aMartinelli, César. _977695 |
|
| 245 | 1 | 3 |
_aLa Sagrada Familia / _cCésar Martinelli. |
| 250 | _a[1ª ed.]. | ||
| 260 |
_aBarcelona : _bAymá, _c1952. |
||
| 300 |
_a101 p., 3 h., lám. I-XLVIII ; _c22 cm. |
||
| 852 |
_aES-MaACL _jD-8040 _bR.32745 |
||
| 999 |
_c99426 _d99426 |
||